000 01122nam a22002177a 4500
999 _c171492
_d171492
005 20200114152207.0
010 _aB-732012
020 _c500.00
_a9788190482110
035 _aB-732012
037 _bडी.बी.ए.डी./ उपहार
082 _a
100 _aकिपलिंग, रूडयार्ड
245 _aदि जंगल बुक-2 /
_cरूडयार्ड किपलिंग; उमापाठक द्वारा अनुवादित
246 _aThe Jangal Book-2
_bby Rudyard Kipling
260 _aदिल्ली
_bगैलेक्सी पब्लिशर्स
_c2017
270 _a1362,आत्माराम बिल्डिंग, ग्राउंड फ्लोर, कश्मीरी गेट
_bदिल्ली
_e110 006
300 _a176 पृ.:
_c21 सेमी (अजिल्द)
_bसचित्र
700 _aपाठक, उमा
_918821
942 _2ddc
_cCH
_mकिपलिं
_h